000
00303nam a2200097Ia 4500
005
20250424112824.0
008
250424s9999 xx 000 0 und d
300
_a
lvi, 287 p. : ill. ; 28 cm.
650
_a
Central Bank of Nigeria--Periodicals. Central Bank of Nigerial--Nigeria--Periodicals.
942
_c
SR
999
_c
37331
_d
37331